<?xml version="1.0" encoding="UTF-8"?>
<record
    xmlns:xsi="http://www.w3.org/2001/XMLSchema-instance"
    xsi:schemaLocation="http://www.loc.gov/MARC21/slim http://www.loc.gov/standards/marcxml/schema/MARC21slim.xsd"
    xmlns="http://www.loc.gov/MARC21/slim">

  <leader>02548nam a22003497a 4500</leader>
  <controlfield tag="005">20120224115839.0</controlfield>
  <datafield tag="010" ind1=" " ind2=" ">
    <subfield code="a">B-447049-053  B-461770-774</subfield>
  </datafield>
  <datafield tag="020" ind1=" " ind2=" ">
    <subfield code="a">9780143066477</subfield>
    <subfield code="c">450.00</subfield>
  </datafield>
  <datafield tag="035" ind1=" " ind2=" ">
    <subfield code="a">B-447049-053  B-461770-774</subfield>
  </datafield>
  <datafield tag="037" ind1=" " ind2=" ">
    <subfield code="b">B.B.B/Ven</subfield>
  </datafield>
  <datafield tag="037" ind1=" " ind2=" ">
    <subfield code="b">Virtuous Pub/Ven</subfield>
  </datafield>
  <datafield tag="082" ind1=" " ind2=" ">
    <subfield code="a">N</subfield>
  </datafield>
  <datafield tag="100" ind1=" " ind2=" ">
    <subfield code="a">Chattopadhyay, Saratchandra</subfield>
    <subfield code="9">48281</subfield>
  </datafield>
  <datafield tag="245" ind1=" " ind2=" ">
    <subfield code="a">Srikanta /</subfield>
    <subfield code="c">by Saratchandra Chattopadhyay ; translated  by Aruna Chakravarti</subfield>
  </datafield>
  <datafield tag="260" ind1=" " ind2=" ">
    <subfield code="a">New Delhi</subfield>
    <subfield code="b">Penguin Books</subfield>
    <subfield code="c">1993</subfield>
  </datafield>
  <datafield tag="270" ind1=" " ind2=" ">
    <subfield code="a">11 Community Centre,Panchsheel Park,</subfield>
    <subfield code="b">New Delhi</subfield>
    <subfield code="e">110017</subfield>
  </datafield>
  <datafield tag="300" ind1=" " ind2=" ">
    <subfield code="a">xvi,228p</subfield>
    <subfield code="c">20cm(pbk)</subfield>
  </datafield>
  <datafield tag="700" ind1=" " ind2=" ">
    <subfield code="a">Chakravarti,Aruna</subfield>
    <subfield code="9">42986</subfield>
  </datafield>
  <datafield tag="942" ind1=" " ind2=" ">
    <subfield code="2">ddc</subfield>
    <subfield code="c">EN</subfield>
    <subfield code="m">CHA</subfield>
    <subfield code="h">N</subfield>
  </datafield>
  <datafield tag="999" ind1=" " ind2=" ">
    <subfield code="c">63760</subfield>
    <subfield code="d">63760</subfield>
  </datafield>
  <datafield tag="952" ind1=" " ind2=" ">
    <subfield code="0">0</subfield>
    <subfield code="1">0</subfield>
    <subfield code="4">0</subfield>
    <subfield code="7">0</subfield>
    <subfield code="8">FIC</subfield>
    <subfield code="a">L</subfield>
    <subfield code="b">L</subfield>
    <subfield code="d">2012-03-20</subfield>
    <subfield code="e">Blue Berry/7045/29.09.2011/06/15.09.2011.09.11.2011</subfield>
    <subfield code="g">450.00</subfield>
    <subfield code="l">3</subfield>
    <subfield code="m">3</subfield>
    <subfield code="o">N CHA</subfield>
    <subfield code="p">B-447049</subfield>
    <subfield code="r">2021-02-09 00:00:00</subfield>
    <subfield code="s">2021-01-02</subfield>
    <subfield code="t">1</subfield>
    <subfield code="v">450.00</subfield>
    <subfield code="w">2012-03-20</subfield>
    <subfield code="y">EN</subfield>
  </datafield>
  <datafield tag="952" ind1=" " ind2=" ">
    <subfield code="0">0</subfield>
    <subfield code="1">0</subfield>
    <subfield code="4">0</subfield>
    <subfield code="7">0</subfield>
    <subfield code="8">FIC</subfield>
    <subfield code="a">BL1</subfield>
    <subfield code="b">BL1</subfield>
    <subfield code="d">2012-03-20</subfield>
    <subfield code="e">Blue Berry/7045/29.09.2011/06/15.09.2011.09.11.2011</subfield>
    <subfield code="g">450.00</subfield>
    <subfield code="l">3</subfield>
    <subfield code="m">1</subfield>
    <subfield code="o">N CHA</subfield>
    <subfield code="p">B-447050</subfield>
    <subfield code="r">2025-10-21 00:00:00</subfield>
    <subfield code="s">2025-09-16</subfield>
    <subfield code="t">1</subfield>
    <subfield code="v">450.00</subfield>
    <subfield code="w">2012-03-20</subfield>
    <subfield code="y">EN</subfield>
  </datafield>
  <datafield tag="952" ind1=" " ind2=" ">
    <subfield code="0">0</subfield>
    <subfield code="1">0</subfield>
    <subfield code="4">0</subfield>
    <subfield code="7">0</subfield>
    <subfield code="8">FIC</subfield>
    <subfield code="a">ZLS</subfield>
    <subfield code="b">ZLS</subfield>
    <subfield code="d">2012-03-20</subfield>
    <subfield code="e">Blue Berry/7045/29.09.2011/06/15.09.2011.09.11.2011</subfield>
    <subfield code="g">450.00</subfield>
    <subfield code="l">0</subfield>
    <subfield code="o">N CHA</subfield>
    <subfield code="p">B-447051</subfield>
    <subfield code="r">2012-03-20 00:00:00</subfield>
    <subfield code="t">1</subfield>
    <subfield code="v">450.00</subfield>
    <subfield code="w">2012-03-20</subfield>
    <subfield code="y">EN</subfield>
  </datafield>
  <datafield tag="952" ind1=" " ind2=" ">
    <subfield code="0">0</subfield>
    <subfield code="1">0</subfield>
    <subfield code="4">0</subfield>
    <subfield code="7">0</subfield>
    <subfield code="8">FIC</subfield>
    <subfield code="a">BL3</subfield>
    <subfield code="b">BL3</subfield>
    <subfield code="d">2012-03-20</subfield>
    <subfield code="e">Blue Berry/7045/29.09.2011/06/15.09.2011.09.11.2011</subfield>
    <subfield code="g">450.00</subfield>
    <subfield code="l">0</subfield>
    <subfield code="o">N CHA</subfield>
    <subfield code="p">B-447052</subfield>
    <subfield code="r">2012-03-20 00:00:00</subfield>
    <subfield code="t">1</subfield>
    <subfield code="v">450.00</subfield>
    <subfield code="w">2012-03-20</subfield>
    <subfield code="y">EN</subfield>
  </datafield>
  <datafield tag="952" ind1=" " ind2=" ">
    <subfield code="0">0</subfield>
    <subfield code="1">0</subfield>
    <subfield code="4">0</subfield>
    <subfield code="7">0</subfield>
    <subfield code="8">FIC</subfield>
    <subfield code="a">BL4</subfield>
    <subfield code="b">BL4</subfield>
    <subfield code="d">2012-03-20</subfield>
    <subfield code="e">Blue Berry/7045/29.09.2011/06/15.09.2011.09.11.2011</subfield>
    <subfield code="g">450.00</subfield>
    <subfield code="l">0</subfield>
    <subfield code="o">N CHA</subfield>
    <subfield code="p">B-447053</subfield>
    <subfield code="r">2012-03-20 00:00:00</subfield>
    <subfield code="t">1</subfield>
    <subfield code="v">450.00</subfield>
    <subfield code="w">2012-03-20</subfield>
    <subfield code="y">EN</subfield>
  </datafield>
  <datafield tag="952" ind1=" " ind2=" ">
    <subfield code="0">0</subfield>
    <subfield code="1">0</subfield>
    <subfield code="4">0</subfield>
    <subfield code="7">0</subfield>
    <subfield code="8">FIC</subfield>
    <subfield code="a">JP</subfield>
    <subfield code="b">JP</subfield>
    <subfield code="d">2012-06-01</subfield>
    <subfield code="e">Virtuous Pub/938/04.02.2012/20/16.01.2012/10.02.2012</subfield>
    <subfield code="g">450.00</subfield>
    <subfield code="l">10</subfield>
    <subfield code="m">3</subfield>
    <subfield code="o">N CHA</subfield>
    <subfield code="p">B-461770</subfield>
    <subfield code="r">2022-07-27 00:00:00</subfield>
    <subfield code="s">2022-07-01</subfield>
    <subfield code="t">1</subfield>
    <subfield code="v">450.00</subfield>
    <subfield code="w">2012-06-01</subfield>
    <subfield code="y">EN</subfield>
  </datafield>
  <datafield tag="952" ind1=" " ind2=" ">
    <subfield code="0">0</subfield>
    <subfield code="1">0</subfield>
    <subfield code="4">0</subfield>
    <subfield code="7">0</subfield>
    <subfield code="8">FIC</subfield>
    <subfield code="a">RKP</subfield>
    <subfield code="b">RKP</subfield>
    <subfield code="d">2012-06-01</subfield>
    <subfield code="e">Virtuous Pub/938/04.02.2012/20/16.01.2012/10.02.2012</subfield>
    <subfield code="g">450.00</subfield>
    <subfield code="l">1</subfield>
    <subfield code="o">N CHA</subfield>
    <subfield code="p">B-461771</subfield>
    <subfield code="r">2019-04-01 00:00:00</subfield>
    <subfield code="s">2019-03-16</subfield>
    <subfield code="t">1</subfield>
    <subfield code="v">450.00</subfield>
    <subfield code="w">2012-06-01</subfield>
    <subfield code="y">EN</subfield>
  </datafield>
  <datafield tag="952" ind1=" " ind2=" ">
    <subfield code="0">0</subfield>
    <subfield code="1">0</subfield>
    <subfield code="4">0</subfield>
    <subfield code="7">0</subfield>
    <subfield code="8">FIC</subfield>
    <subfield code="a">AG</subfield>
    <subfield code="b">AG</subfield>
    <subfield code="d">2012-06-01</subfield>
    <subfield code="e">Virtuous Pub/938/04.02.2012/20/16.01.2012/10.02.2012</subfield>
    <subfield code="g">450.00</subfield>
    <subfield code="l">3</subfield>
    <subfield code="m">2</subfield>
    <subfield code="o">N CHA</subfield>
    <subfield code="p">B-461772</subfield>
    <subfield code="r">2026-03-28 00:00:00</subfield>
    <subfield code="s">2026-03-07</subfield>
    <subfield code="t">1</subfield>
    <subfield code="v">450.00</subfield>
    <subfield code="w">2012-06-01</subfield>
    <subfield code="y">EN</subfield>
  </datafield>
  <datafield tag="952" ind1=" " ind2=" ">
    <subfield code="0">0</subfield>
    <subfield code="1">0</subfield>
    <subfield code="4">0</subfield>
    <subfield code="7">0</subfield>
    <subfield code="8">FIC</subfield>
    <subfield code="a">VP</subfield>
    <subfield code="b">VP</subfield>
    <subfield code="d">2012-06-01</subfield>
    <subfield code="e">Virtuous Pub/938/04.02.2012/20/16.01.2012/10.02.2012</subfield>
    <subfield code="g">450.00</subfield>
    <subfield code="l">6</subfield>
    <subfield code="o">N CHA</subfield>
    <subfield code="p">B-461773</subfield>
    <subfield code="r">2017-07-04 00:00:00</subfield>
    <subfield code="s">2017-06-06</subfield>
    <subfield code="t">1</subfield>
    <subfield code="v">450.00</subfield>
    <subfield code="w">2012-06-01</subfield>
    <subfield code="y">EN</subfield>
  </datafield>
  <datafield tag="952" ind1=" " ind2=" ">
    <subfield code="0">0</subfield>
    <subfield code="1">0</subfield>
    <subfield code="4">0</subfield>
    <subfield code="7">0</subfield>
    <subfield code="8">FIC</subfield>
    <subfield code="a">NR</subfield>
    <subfield code="b">NR</subfield>
    <subfield code="d">2012-06-01</subfield>
    <subfield code="e">Virtuous Pub/938/04.02.2012/20/16.01.2012/10.02.2012</subfield>
    <subfield code="g">450.00</subfield>
    <subfield code="l">0</subfield>
    <subfield code="o">N CHA</subfield>
    <subfield code="p">B-461774</subfield>
    <subfield code="r">2012-06-01 00:00:00</subfield>
    <subfield code="t">1</subfield>
    <subfield code="v">450.00</subfield>
    <subfield code="w">2012-06-01</subfield>
    <subfield code="y">EN</subfield>
  </datafield>
</record>
